[Event "X Festival A"]
[Site "Trieste ITA"]
[Date "2008.09.02"]
[Round "4"]
[White "Heikkila, Antti"]
[Black "Bosma, Jaap"]
[Result "0-1"]
[WhiteElo "1993"]
[BlackElo "2048"]
[PlyCount "176"]
[EventDate "2008.08.31"]

1. d4 d5 2. c4 e6 3. Nf3 Nf6 4. Bg5 Nbd7 5. Nc3 Be7 6. e3 O-O 7. Rc1 c6 8. cxd5
exd5 9. Bd3 Ne4 10. Bxe4 Bxg5 11. Bb1 Bh6 12. b4 Nb6 13. Ne5 a6 14. h3 g6 15.
O-O Qe7 16. Qb3 f6 17. Nf3 Nc4 18. Rcd1 b5 19. Rfe1 Be6 20. a4 Qd7 21. Bd3 Nd6
22. Ra1 Kg7 23. Kf1 Ne4 24. Qc2 Nd6 25. Ra2 Nc4 26. Bxc4 bxc4 27. a5 Qe7 28.
Na4 Rae8 29. Nc5 Bc8 30. e4 Bf4 31. exd5 Qd6 32. Qxc4 cxd5 33. Qd3 Bf5 34. Qxa6
Qxa6+ 35. Nxa6 Bd3+ 36. Kg1 Bxa6 37. Rb1 Rb8 38. Rab2 Rb5 39. g3 Bh6 40. Rc2
Rfb8 41. Rc6 Bc8 42. Re1 Bxh3 43. Re7+ Kg8 44. a6 Rxb4 45. a7 Ra8 46. Kh2 Bg4
47. Rxf6 Bxf3 48. Rxf3 Bf8 49. Rd7 Rxd4 50. Rb7 Rc4 51. Rff7 Ra4 52. Rxh7 d4
53. Rhd7 Ra2 54. Kg2 d3 55. Rxd3 R8xa7 56. Rxa7 Rxa7 57. f4 Kg7 58. Kf3 Kf6 59.
Kg4 Be7 60. Rc3 Ra6 61. Rc2 Rd6 62. Rh2 Rd3 63. Rc2 Bb4 64. Rc6+ Rd6 65. Rc1
Bd2 66. Rh1 Rd3 67. Rd1 Rd6 68. Rh1 Rd4 69. Rh8 Be1 70. Re8 Bb4 71. Re3 Bd6 72.
Rb3 Bc5 73. Rc3 Be7 74. Rc6+ Rd6 75. Rc3 Ra6 76. Rb3 Ra3 77. Rb6+ Kf7 78. Rc6
Bb4 79. Rc7+ Ke6 80. Rg7 Kf6 81. Rb7 Be1 82. Rb6+ Kg7 83. f5 Ra4+ 84. Kf3 gxf5
85. Rc6 Rg4 86. Rc1 Rxg3+ 87. Ke2 Bb4 88. Rc7+ Kf6 0-1

[Event "X Festival A"]
[Site "Trieste ITA"]
[Date "2008.09.02"]
[Round "4"]
[White "Miele, Roberto"]
[Black "Mufic, Goran"]
[Result "0-1"]
[WhiteElo "1887"]
[BlackElo "2298"]
[PlyCount "70"]
[EventDate "2008.08.31"]

1. e4 c5 2. Nf3 Nc6 3. d4 cxd4 4. Nxd4 g6 5. Nc3 Bg7 6. Be3 Nf6 7. f3 O-O 8.
Qd2 d5 9. O-O-O dxe4 10. Qf2 Qc7 11. Kb1 Nxd4 12. Bxd4 exf3 13. gxf3 Be6 14. h4
Nh5 15. Bxg7 Kxg7 16. Bd3 Rfd8 17. Rdg1 a6 18. Rg5 f6 19. Rxh5 gxh5 20. Rg1+
Kh8 21. Qe3 Rg8 22. Re1 Bc4 23. Be4 Rad8 24. Bf5 e6 25. Bd3 Bxd3 26. cxd3 Qd6
27. Rd1 f5 28. Ne2 Rc8 29. Nf4 e5 30. Ne2 Rg7 31. Rh1 Rd8 32. Rd1 b5 33. d4 f4
34. Qe4 Qg6 35. Nc3 Rxd4 0-1

[Event "X Festival A"]
[Site "Trieste ITA"]
[Date "2008.09.02"]
[Round "4"]
[White "Milazzo, Mario"]
[Black "Basagic, Zlatko"]
[Result "1/2-1/2"]
[WhiteElo "2010"]
[BlackElo "2337"]
[PlyCount "100"]
[EventDate "2008.08.31"]

1. c4 g6 2. Nc3 Bg7 3. g3 d6 4. Bg2 e5 5. e3 f5 6. Nge2 Nc6 7. d4 Nf6 8. d5 Ne7
9. Rb1 h5 10. h4 O-O 11. b4 a5 12. a3 axb4 13. axb4 Ng4 14. Qb3 Bh6 15. f4 e4
16. Bh3 Bg7 17. Bxg4 fxg4 18. Bb2 Nf5 19. Kf2 Re8 20. Nb5 Bd7 21. Bxg7 Nxg7 22.
Nbd4 Kh7 23. Ra1 Qf6 24. Qc3 Qf7 25. b5 b6 26. Ra3 Rac8 27. Ra7 Rf8 28. Rha1
Qe7 29. Kg2 Qd8 30. Rb7 Rb8 31. Rxb8 Qxb8 32. Qa3 Qd8 33. Qa7 Ne8 34. Qb7 Qf6
35. Ra8 Kg8 36. Qb8 Ng7 37. Qxf8+ Qxf8 38. Rxf8+ Kxf8 39. Nc3 Bf5 40. Nb3 Ne8
41. Nd2 Nf6 42. Kf2 Ke7 43. Ke2 Ke8 44. Kd1 Ke7 45. Kc2 Nd7 46. Nb3 Nc5 47.
Nxc5 dxc5 48. Ne2 Kf6 49. Kc3 Ke7 50. Kb3 Kd6 1/2-1/2

[Event "X Festival A"]
[Site "Trieste ITA"]
[Date "2008.09.02"]
[Round "4"]
[White "Narayanan, Srinath"]
[Black "Fercec, Nenad"]
[Result "1-0"]
[WhiteElo "2220"]
[BlackElo "2486"]
[PlyCount "49"]
[EventDate "2008.08.31"]

1. e4 c5 2. Nf3 d6 3. d4 cxd4 4. Nxd4 Nf6 5. Nc3 a6 6. Bc4 e6 7. Bb3 Nbd7 8.
Bg5 b5 9. Qe2 b4 10. Nd5 exd5 11. Nc6 Qb6 12. exd5+ Ne5 13. Ba4 Bd7 14. f4 Nxd5
15. Nxe5 dxe5 16. Bxd7+ Kxd7 17. O-O-O f6 18. Rxd5+ Kc7 19. Bh4 exf4 20. Bf2
Qc6 21. Qd3 Rc8 22. Qd4 Re8 23. Rd1 Be7 24. Rd7+ Kc8 25. Qa7 1-0

[Event "X Festival A"]
[Site "Trieste ITA"]
[Date "2008.09.02"]
[Round "4"]
[White "Pregarac, Valter"]
[Black "Samuelli, Daniele"]
[Result "1-0"]
[WhiteElo "2116"]
[BlackElo "1931"]
[PlyCount "55"]
[EventDate "2008.08.31"]

1. d4 d5 2. Nf3 Nf6 3. c4 e6 4. Bg5 Be7 5. cxd5 exd5 6. Nc3 O-O 7. e3 Bf5 8.
Qb3 Nbd7 9. Nxd5 Nxd5 10. Qxd5 Bxg5 11. Qxf5 Be7 12. a3 c5 13. Be2 cxd4 14.
Nxd4 Bf6 15. O-O Ne5 16. Rac1 g6 17. Qc2 Qb6 18. b4 Rac8 19. Qa4 h5 20. Qb5
Qxb5 21. Nxb5 Nc6 22. Bf3 Rfd8 23. Bxc6 Rxc6 24. Rxc6 bxc6 25. Nxa7 Ra8 26.
Nxc6 Rxa3 27. Rb1 Bb2 28. Kf1 1-0

[Event "X Festival A"]
[Site "Trieste ITA"]
[Date "2008.09.02"]
[Round "4"]
[White "Raykhman, Alexander"]
[Black "Simutowe, Amon"]
[Result "1/2-1/2"]
[WhiteElo "2267"]
[BlackElo "2458"]
[PlyCount "145"]
[EventDate "2008.08.31"]

1. e4 c6 2. d4 d5 3. Nd2 dxe4 4. Nxe4 Bf5 5. Ng3 Bg6 6. h4 h6 7. Nf3 Nd7 8. h5
Bh7 9. Bd3 Bxd3 10. Qxd3 Ngf6 11. Bd2 e6 12. O-O-O Qc7 13. Qe2 O-O-O 14. Ne5
Nb6 15. c4 c5 16. Bf4 Bd6 17. dxc5 Qxc5 18. Kb1 Bxe5 19. Qxe5 Rxd1+ 20. Rxd1
Qxe5 21. Bxe5 Rd8 22. Rxd8+ Kxd8 23. b3 Nbd7 24. Bd4 b6 25. f3 Ne8 26. Bc3 f5
27. Ne2 a5 28. Kc2 Nef6 29. Nd4 Ke7 30. b4 axb4 31. Bxb4+ Kf7 32. a4 Nxh5 33.
Nb3 Nf4 34. g3 Ne2 35. Bd6 e5 36. Bc7 Ke6 37. g4 fxg4 38. fxg4 g6 39. Kd3 Nf4+
40. Ke4 h5 41. gxh5 Nxh5 42. a5 bxa5 43. Bxa5 g5 44. Kf3 Nhf6 45. Bd2 g4+ 46.
Kg3 Kf5 47. Be3 Nh5+ 48. Kf2 Ke4 49. Ba7 Nhf6 50. Kg3 Nf8 51. Nd2+ Kf5 52. Nf1
Ne4+ 53. Kg2 Ne6 54. Ne3+ Kf4 55. Nd5+ Kg5 56. Be3+ Nf4+ 57. Kg1 g3 58. c5 Kg4
59. Bxf4 exf4 60. c6 Nd6 61. c7 f3 62. Nf6+ Kh3 63. Ne4 Nc8 64. Ng5+ Kg4 65.
Ne4 Kf4 66. Nf6 Ke3 67. Nh5 g2 68. Ng3 Ne7 69. Nf5+ Ke2 70. Nd4+ Ke3 71. Nf5+
Ke2 72. Nd4+ Ke3 73. Nf5+ 1/2-1/2

[Event "X Festival A"]
[Site "Trieste ITA"]
[Date "2008.09.02"]
[Round "4"]
[White "Rezzuti, Vincenzo"]
[Black "Zucchelli, Massimo"]
[Result "1/2-1/2"]
[WhiteElo "1990"]
[BlackElo "2150"]
[PlyCount "79"]
[EventDate "2008.08.31"]

1. e4 e6 2. d4 d5 3. e5 c5 4. c3 Nc6 5. Nf3 Nh6 6. Be2 cxd4 7. cxd4 Nf5 8. Be3
Qb6 9. Qd2 Nxe3 10. fxe3 Be7 11. O-O O-O 12. Nc3 f5 13. exf6 Bxf6 14. Na4 Qd8
15. Nc5 Qd6 16. Nd3 Bd7 17. Nc5 Rab8 18. Rac1 Bd8 19. Nxd7 Qxd7 20. Bb5 Qd6 21.
Bxc6 bxc6 22. Ne5 Rxf1+ 23. Rxf1 Bf6 24. Nf3 c5 25. dxc5 Qxc5 26. Rc1 Qd6 27.
b3 e5 28. Qa5 a6 29. Qc5 Rd8 30. Qxd6 Rxd6 31. Kf2 Kf7 32. Rc7+ Ke6 33. g4 e4
34. g5 Bb2 35. Nd4+ Bxd4 36. exd4 Rd7 37. Rc6+ Rd6 38. Rc7 Rd7 39. Rc6+ Rd6 40.
Rc7 1/2-1/2

[Event "X Festival A"]
[Site "Trieste ITA"]
[Date "2008.09.02"]
[Round "4"]
[White "Scalcione, Michelangelo"]
[Black "Srebrnic, Vojko"]
[Result "1-0"]
[WhiteElo "2398"]
[BlackElo "2214"]
[PlyCount "61"]
[EventDate "2008.08.31"]

1. Nf3 c5 2. b3 Nf6 3. Bb2 Nc6 4. e3 e6 5. Bb5 Qc7 6. O-O Be7 7. a4 O-O 8. Nc3
b6 9. Bxc6 Qxc6 10. Ne5 Qb7 11. d3 d6 12. Nc4 Bd7 13. Nb5 Ne8 14. Qg4 e5 15.
Qg3 a6 16. Nc3 f6 17. e4 Nc7 18. Ne3 Rfd8 19. f4 Be6 20. Rae1 b5 21. fxe5 dxe5
22. Ncd5 Nxd5 23. exd5 Bxd5 24. Nf5 Bf8 25. Bc3 Kh8 26. h4 Be6 27. h5 Bxf5 28.
Rxf5 Qd7 29. Qg4 h6 30. Rexe5 fxe5 31. Rxf8+ 1-0

[Event "X Festival A"]
[Site "Trieste ITA"]
[Date "2008.09.02"]
[Round "4"]
[White "Sikanjic, Bojan"]
[Black "Rukavina, Josip"]
[Result "0-1"]
[WhiteElo "2177"]
[BlackElo "2414"]
[PlyCount "38"]
[EventDate "2008.08.31"]

1. c4 e5 2. Nc3 Nf6 3. Nf3 Nc6 4. e3 d5 5. cxd5 Nxd5 6. Qc2 Be7 7. a3 O-O 8.
Bb5 Nxc3 9. bxc3 Qd5 10. c4 Qe6 11. d3 Qg6 12. Kf1 Bd7 13. Bb2 f6 14. c5 Kh8
15. Rd1 Rad8 16. h4 Nb4 17. Qc4 Bxb5 18. Qxb5 Nxd3 19. h5 Qe8 0-1

[Event "X Festival A"]
[Site "Trieste ITA"]
[Date "2008.09.02"]
[Round "4"]
[White "Srebrnic, Marko"]
[Black "Hrzica, Rok"]
[Result "1-0"]
[WhiteElo "2313"]
[BlackElo "2285"]
[PlyCount "75"]
[EventDate "2008.08.31"]

1. e4 c6 2. d4 d5 3. f3 g6 4. Nc3 Bg7 5. Be3 h5 6. Nh3 Nh6 7. Nf2 dxe4 8. fxe4
Ng4 9. Nxg4 Bxg4 10. Qd2 Qa5 11. Bc4 Qb4 12. Bb3 O-O 13. O-O Nd7 14. a3 Qa5 15.
h3 Be6 16. Bxe6 fxe6 17. e5 c5 18. b4 cxb4 19. axb4 Qxb4 20. Rfb1 Qc4 21. Rxb7
Nxe5 22. Rbb1 Nf7 23. Ne4 Qd5 24. Qd3 Rfd8 25. Ng3 Nh8 26. c3 Qd7 27. Qe4 Rab8
28. Rxb8 Rxb8 29. Ra6 Kf7 30. Qf3+ Kg8 31. Qe4 e5 32. dxe5 Qd1+ 33. Kh2 Rb1 34.
Rxa7 Bh6 35. Rxe7 h4 36. Qxh4 Nf7 37. Qf6 Qd5 38. Qxg6+ 1-0

[Event "X Festival A"]
[Site "Trieste ITA"]
[Date "2008.09.02"]
[Round "4"]
[White "Suc, Timothy"]
[Black "Vitri, Sergio"]
[Result "1-0"]
[WhiteElo "1833"]
[BlackElo "2132"]
[PlyCount "35"]
[EventDate "2008.08.31"]

1. e4 Nf6 2. Nc3 d5 3. e5 Ne4 4. Nce2 d4 5. c3 Nc5 6. Nxd4 Qd5 7. Ngf3 Bg4 8.
Be2 Nbd7 9. O-O e6 10. c4 Qe4 11. Nb5 O-O-O 12. d3 Qf5 13. Nbd4 Qh5 14. Bf4 Be7
15. b4 Na6 16. h3 Bxf3 17. Bxf3 Qh4 18. g3 1-0

[Event "X Festival A"]
[Site "Trieste ITA"]
[Date "2008.09.02"]
[Round "4"]
[White "Tiviakov, Sergei"]
[Black "Mogranzini, Roberto"]
[Result "1-0"]
[WhiteElo "2645"]
[BlackElo "2423"]
[PlyCount "47"]
[EventDate "2008.08.31"]

1. e4 c5 2. Nf3 d6 3. d4 cxd4 4. Nxd4 Nf6 5. Nc3 a6 6. Be3 e6 7. f3 b5 8. g4 h6
9. Qd2 Nbd7 10. O-O-O b4 11. Na4 Ne5 12. Qxb4 Bd7 13. Bf4 g5 14. Bg3 h5 15. Nb3
Rb8 16. Qc3 Bxa4 17. Bxe5 Be7 18. Bxa6 hxg4 19. Nc5 Rb6 20. Nb7 Qa8 21. Nxd6+
Kf8 22. Bxf6 Bxd6 23. Bxh8 Qxa6 24. Be5 1-0

[Event "X Festival A"]
[Site "Trieste ITA"]
[Date "2008.09.02"]
[Round "4"]
[White "Tonel, Giulia"]
[Black "Vrhovnik, Damir"]
[Result "0-1"]
[WhiteElo "1983"]
[BlackElo "1996"]
[PlyCount "72"]
[EventDate "2008.08.31"]

1. e4 c5 2. Nf3 Nc6 3. Bb5 g6 4. Bxc6 bxc6 5. d3 Bg7 6. O-O e5 7. Be3 d6 8. h3
Nf6 9. Nbd2 O-O 10. a3 a5 11. Nc4 Be6 12. Nfd2 Nh5 13. b4 d5 14. Nxa5 d4 15.
Nb7 Qh4 16. Nf3 Qe7 17. Nxc5 dxe3 18. fxe3 Ng3 19. Re1 f5 20. exf5 Nxf5 21. Nd2
Bh6 22. Nf1 Rae8 23. a4 Qg5 24. Qg4 Qf6 25. Nxe6 Rxe6 26. Kh1 Qe7 27. b5 Qc5
28. c4 Ref6 29. Qe4 cxb5 30. cxb5 Nd6 31. Qh4 Bg7 32. Rec1 Qa7 33. Qb4 Qf7 34.
b6 Rf2 35. e4 Rxg2 36. Qxd6 Qf2 0-1

[Event "X Festival A"]
[Site "Trieste ITA"]
[Date "2008.09.02"]
[Round "4"]
[White "Znidarcic, Andrej"]
[Black "Capaliku, Aleks"]
[Result "1-0"]
[WhiteElo "2218"]
[BlackElo "2114"]
[PlyCount "39"]
[EventDate "2008.08.31"]

1. e4 e5 2. Bc4 Nc6 3. Nf3 Bc5 4. O-O Nf6 5. d3 d6 6. h3 O-O 7. a3 Be6 8. Qe2
h6 9. Nc3 Ne7 10. Be3 Bb6 11. Rad1 Qd7 12. d4 exd4 13. Nxd4 Ng6 14. Nxe6 fxe6
15. Bxb6 axb6 16. f4 Qe7 17. f5 d5 18. exd5 exd5 19. Nxd5 Qxe2 20. Nxf6+ 1-0

[Event "X Festival A"]
[Site "Trieste ITA"]
[Date "2008.09.03"]
[Round "5"]
[White "Banusz, Tamas"]
[Black "Drazic, Sinisa"]
[Result "1/2-1/2"]
[WhiteElo "2481"]
[BlackElo "2505"]
[PlyCount "53"]
[EventDate "2008.08.31"]

1. c4 Nf6 2. Nf3 c6 3. Nc3 d5 4. d4 dxc4 5. a4 Na6 6. e3 Be6 7. Ng5 Qc8 8. a5
Nb4 9. Ra4 Nd3+ 10. Bxd3 cxd3 11. Nxe6 Qxe6 12. O-O g6 13. Rb4 Qd7 14. Qxd3 e5
15. Rb3 O-O-O 16. a6 b6 17. Qc4 Qe6 18. Qa4 Be7 19. Bd2 Kb8 20. Ne2 b5 21. Ba5
Rd5 22. Qc4 Ka8 23. Qc2 c5 24. Rxb5 cxd4 25. Rxd5 Nxd5 26. exd4 Qxa6 27. Bc3
1/2-1/2

[Event "X Festival A"]
[Site "Trieste ITA"]
[Date "2008.09.03"]
[Round "5"]
[White "Bosma, Jaap"]
[Black "Tonel, Giulia"]
[Result "1/2-1/2"]
[WhiteElo "2048"]
[BlackElo "1983"]
[PlyCount "51"]
[EventDate "2008.08.31"]

1. e4 c5 2. Nf3 Nc6 3. g3 d6 4. Bg2 g6 5. O-O Bg7 6. c3 Bg4 7. h3 Bd7 8. d3 Qc7
9. a4 Nf6 10. Na3 a6 11. Re1 O-O 12. Nc4 b5 13. Ne3 Rab8 14. Kh2 b4 15. c4 a5
16. Nd5 Qd8 17. Ra2 e6 18. Nxf6+ Bxf6 19. b3 Bg7 20. Bf4 e5 21. Be3 f5 22. Qc1
Qf6 23. Bg5 Qf7 24. Bh6 f4 25. Bxg7 Qxg7 26. Qd1 1/2-1/2

[Event "X Festival A"]
[Site "Trieste ITA"]
[Date "2008.09.03"]
[Round "5"]
[White "Capaliku, Aleks"]
[Black "Samuelli, Daniele"]
[Result "0-1"]
[WhiteElo "2114"]
[BlackElo "1931"]
[PlyCount "62"]
[EventDate "2008.08.31"]

1. f4 Nf6 2. Nf3 d5 3. e3 Bg4 4. b3 e6 5. Bb2 Nbd7 6. h3 Bh5 7. Be2 Ne4 8. O-O
Ng3 9. Rf2 Nf6 10. Nd4 Nxe2+ 11. Nxe2 Ne4 12. g4 Nxf2 13. Kxf2 Qh4+ 14. Kg2 Bg6
15. Ng3 h5 16. g5 f6 17. gxf6 gxf6 18. Nc3 O-O-O 19. Nce2 Rg8 20. Qe1 Bf5 21.
Ng1 e5 22. Kh2 Be4 23. d3 exf4 24. exf4 Bh7 25. Qe6+ Kb8 26. N1e2 Bg7 27. Rf1
Bh8 28. Rf3 Rge8 29. Qf7 Bf5 30. Ng1 Bg4 31. Rf1 Re3 0-1

[Event "X Festival A"]
[Site "Trieste ITA"]
[Date "2008.09.03"]
[Round "5"]
[White "Erdos, Viktor"]
[Black "Srebrnic, Marko"]
[Result "1/2-1/2"]
[WhiteElo "2576"]
[BlackElo "2313"]
[PlyCount "82"]
[EventDate "2008.08.31"]

1. d4 Nf6 2. c4 g6 3. Nc3 Bg7 4. e4 d6 5. Nf3 O-O 6. Be2 e5 7. O-O exd4 8. Nxd4
Re8 9. f3 Nc6 10. Be3 Nh5 11. Qd2 f5 12. Nxc6 bxc6 13. c5 d5 14. Bg5 Qd7 15.
Rad1 Nf6 16. exd5 Nxd5 17. Bc4 Bxc3 18. Qxc3 Qf7 19. Bxd5 cxd5 20. c6 Ba6 21.
Rf2 Be2 22. Rd4 a5 23. a4 Rab8 24. h4 Bc4 25. Qxa5 Ra8 26. Qb4 Qf8 27. Rxc4
dxc4 28. Qxc4+ Qf7 29. Qxf7+ Kxf7 30. Rd2 Rxa4 31. Rd7+ Ke6 32. Rxc7 h6 33.
Bxh6 Rxh4 34. Bg5 Rc4 35. Rg7 f4 36. Bh6 Kf6 37. Rd7 Rc1+ 38. Kf2 Rc2+ 39. Kg1
Rc1+ 40. Kf2 Rc2+ 41. Kf1 Rc1+ 1/2-1/2

[Event "X Festival A"]
[Site "Trieste ITA"]
[Date "2008.09.03"]
[Round "5"]
[White "Fercec, Nenad"]
[Black "Pregarac, Valter"]
[Result "1-0"]
[WhiteElo "2486"]
[BlackElo "2116"]
[PlyCount "53"]
[EventDate "2008.08.31"]

1. e4 c5 2. Nf3 e6 3. c4 Nc6 4. Nc3 d6 5. d4 cxd4 6. Nxd4 Nxd4 7. Qxd4 Ne7 8.
Be2 Nc6 9. Qd2 Be7 10. O-O O-O 11. b3 a6 12. Rd1 Qc7 13. Bb2 Rd8 14. Rac1 Ne5
15. Qe3 Bd7 16. Qg3 b6 17. h4 Bf8 18. f4 Nc6 19. h5 Ne7 20. h6 Ng6 21. Rf1 Qc5+
22. Kh1 f5 23. exf5 Qxf5 24. Bg4 Qf6 25. Na4 Qh4+ 26. Qxh4 Nxh4 27. Nxb6 1-0

[Event "X Festival A"]
[Site "Trieste ITA"]
[Date "2008.09.03"]
[Round "5"]
[White "Fierro Baquero, Martha Lorena"]
[Black "Rezzuti, Vincenzo"]
[Result "1-0"]
[WhiteElo "2379"]
[BlackElo "1990"]
[PlyCount "47"]
[EventDate "2008.08.31"]

1. e4 e5 2. Nf3 Nc6 3. Bb5 a6 4. Ba4 d6 5. c3 f5 6. d3 Nf6 7. Qe2 Be7 8. Nbd2
O-O 9. Nf1 Kh8 10. exf5 Bxf5 11. Ng3 Bg4 12. h3 Bd7 13. O-O Nd5 14. Re1 Bh4 15.
Ne4 Nf4 16. Bxf4 exf4 17. d4 Bf5 18. Ned2 Bf6 19. Qd1 Qd7 20. d5 Bxh3 21. Nh2
Qf5 22. dxc6 Qg5 23. Qf3 Bf5 24. cxb7 1-0

[Event "X Festival A"]
[Site "Trieste ITA"]
[Date "2008.09.03"]
[Round "5"]
[White "Hrzica, Rok"]
[Black "De Val, Daniele"]
[Result "1-0"]
[WhiteElo "2285"]
[BlackElo "2233"]
[PlyCount "81"]
[EventDate "2008.08.31"]

1. e4 g6 2. d4 Bg7 3. c3 d6 4. f4 e5 5. Nf3 exd4 6. cxd4 Bg4 7. Be2 Nc6 8. Be3
f5 9. e5 dxe5 10. fxe5 Nge7 11. Nc3 Nd5 12. Bg5 Nxc3 13. bxc3 Qd5 14. O-O h6
15. Be3 Qe4 16. Qd2 O-O-O 17. Bd3 Qd5 18. Ne1 Kb8 19. Qb2 Na5 20. Rb1 b6 21.
Qb4 Bf8 22. Qa4 Ka8 23. Rb5 Qe6 24. h3 Bh5 25. g4 fxg4 26. Rf6 Qd7 27. Rxa5
Qxa4 28. Rxa4 gxh3 29. d5 Bg7 30. Re6 Rhe8 31. Rxe8 Rxe8 32. e6 Bxc3 33. Bb5
Rg8 34. Bc6+ Kb8 35. Nd3 g5 36. Bd4 Bd2 37. Ne5 a5 38. Nd7+ Kc8 39. Nf6 Bd1 40.
Nxg8 Bf4 41. d6 1-0

[Event "X Festival A"]
[Site "Trieste ITA"]
[Date "2008.09.03"]
[Round "5"]
[White "Kragelj, Igor"]
[Black "Milazzo, Mario"]
[Result "1/2-1/2"]
[WhiteElo "2228"]
[BlackElo "2010"]
[PlyCount "51"]
[EventDate "2008.08.31"]

1. d4 f5 2. g3 Nf6 3. Bg2 g6 4. Nf3 Bg7 5. O-O d6 6. c4 O-O 7. Nc3 Qe8 8. d5 a5
9. Rb1 Na6 10. b3 Bd7 11. Bb2 c6 12. a3 Nc7 13. dxc6 bxc6 14. c5 d5 15. Na4 Bc8
16. Ne5 Bb7 17. e3 e6 18. f4 Ra7 19. Nb6 Qe7 20. Qc2 Ng4 21. Nxg4 fxg4 22. Rfe1
Bc8 23. e4 Bxb2 24. Rxb2 Qf6 25. e5 Qe7 26. Bf1 1/2-1/2

[Event "X Festival A"]
[Site "Trieste ITA"]
[Date "2008.09.03"]
[Round "5"]
[White "Mufic, Goran"]
[Black "Scalcione, Michelangelo"]
[Result "1/2-1/2"]
[WhiteElo "2298"]
[BlackElo "2398"]
[PlyCount "134"]
[EventDate "2008.08.31"]

1. Nf3 d6 2. d4 Bg4 3. c3 e6 4. Bg5 Be7 5. Bxe7 Qxe7 6. e4 Nf6 7. Nbd2 O-O 8.
Qc2 e5 9. dxe5 dxe5 10. Be2 Nbd7 11. O-O a5 12. Rfe1 Nc5 13. Bf1 Rfd8 14. h3
Bh5 15. Nh4 Rxd2 16. Qxd2 Nfxe4 17. Qe3 Qxh4 18. b4 axb4 19. cxb4 Ne6 20. Qxe4
Qxe4 21. Rxe4 f6 22. a4 Bf7 23. Re3 Nd4 24. Rc3 c6 25. a5 Kf8 26. f4 Ke7 27. b5
Kd6 28. fxe5+ fxe5 29. b6 Bd5 30. a6 bxa6 31. Rxa6 Rb8 32. Kf2 Ne6 33. Rc1 Nc5
34. Ra7 Nd7 35. Rb1 g5 36. Be2 h6 37. Kg3 Nf6 38. Rg7 Ne4+ 39. Kh2 Nc3 40. Rb2
Nxe2 41. Rxe2 Rxb6 42. Rg6+ Kc5 43. Rxh6 Kd4 44. Rd2+ Kc4 45. Kg3 e4 46. Kf2
Rb3 47. Rc2+ Kd3 48. Re2 Kd4 49. Rd2+ Rd3 50. Ke2 Kc3 51. Rd1 Kc2 52. Ra1 Rd2+
53. Ke3 Rd3+ 54. Ke2 Rg3 55. Kf2 Rc3 56. Re1 Rd3 57. Re2+ Kc3 58. Re1 Kd4 59.
Ke2 Re3+ 60. Kf2 Ra3 61. Rd1+ Rd3 62. Ke2 c5 63. Rg6 Bb3 64. Rd6+ Bd5 65. Rxd5+
Kxd5 66. Rxd3+ exd3+ 67. Kxd3 c4+ 1/2-1/2

[Event "X Festival A"]
[Site "Trieste ITA"]
[Date "2008.09.03"]
[Round "5"]
[White "Palac, Mladen"]
[Black "Degtiarev, Evgeny"]
[Result "1-0"]
[WhiteElo "2587"]
[BlackElo "2367"]
[PlyCount "55"]
[EventDate "2008.08.31"]

1. e4 e5 2. Nf3 Nc6 3. Bb5 a6 4. Ba4 Nf6 5. O-O Be7 6. d3 b5 7. Bb3 O-O 8. a4
b4 9. Nbd2 d6 10. Nc4 Bg4 11. Be3 Kh8 12. h3 Bh5 13. a5 Nb8 14. c3 bxc3 15.
bxc3 c5 16. g4 Nxg4 17. hxg4 Bxg4 18. Bd2 f5 19. Ne3 fxe4 20. Nxg4 exf3 21. Bd5
Ra7 22. Bxf3 Bg5 23. Bg2 Bxd2 24. Qxd2 Qh4 25. Ne3 Raf7 26. Rab1 Rf6 27. Rb7 h5
28. Qb2 1-0

[Event "X Festival A"]
[Site "Trieste ITA"]
[Date "2008.09.03"]
[Round "5"]
[White "Rukavina, Josip"]
[Black "Narayanan, Srinath"]
[Result "0-1"]
[WhiteElo "2414"]
[BlackElo "2220"]
[PlyCount "68"]
[EventDate "2008.08.31"]

1. Nf3 Nf6 2. c4 e6 3. g3 d5 4. b3 d4 5. Bg2 Nc6 6. O-O e5 7. d3 Bc5 8. b4 Nxb4
9. Nxe5 O-O 10. a3 Na6 11. Nd2 Re8 12. Nef3 Bd7 13. Bb2 Bc6 14. Ra2 Qd6 15. Re1
Bb6 16. Qa1 Nc5 17. Kf1 Ng4 18. Kg1 Ba5 19. Bxd4 Bxf3 20. exf3 Rxe1+ 21. Qxe1
Nxd3 22. Qa1 Ngxf2 23. Nb3 Re8 24. Bxf2 Nxf2 25. Nxa5 Nd3 26. Bf1 Qc5+ 27. Kg2
Ne1+ 28. Kh1 Nxf3 29. Be2 Qf2 30. Bxf3 Re1+ 31. Qxe1 Qxe1+ 32. Kg2 Qxa5 33.
Bxb7 Qc5 34. Rd2 Kf8 0-1

[Event "X Festival A"]
[Site "Trieste ITA"]
[Date "2008.09.03"]
[Round "5"]
[White "Srebrnic, Vojko"]
[Black "Miele, Roberto"]
[Result "1-0"]
[WhiteElo "2214"]
[BlackElo "1887"]
[PlyCount "91"]
[EventDate "2008.08.31"]

1. c4 Nf6 2. Nc3 g6 3. Nf3 Bg7 4. e4 d6 5. d4 O-O 6. Be2 e5 7. Be3 Nc6 8. d5
Ne7 9. Nd2 Nd7 10. b4 f5 11. f3 f4 12. Bf2 Nf6 13. c5 g5 14. Rc1 Ng6 15. cxd6
cxd6 16. Nb5 Rf7 17. Nc4 Bf8 18. Nxa7 Bd7 19. a4 g4 20. a5 g3 21. hxg3 fxg3 22.
Be3 Nf4 23. Bf1 N6h5 24. Nb6 Qg5 25. Rc3 Rd8 26. Nxd7 Rdxd7 27. Qd2 Rc7 28. Nb5
Rxc3 29. Nxc3 Bh6 30. Kd1 Rc7 31. b5 Qg7 32. Rxh5 Nxh5 33. Bxh6 Qg6 34. Be3 Nf4
35. b6 Rc8 36. a6 bxa6 37. b7 Rb8 38. Bxa6 Qh5 39. Ba7 Rxb7 40. Bxb7 Qh1+ 41.
Kc2 h5 42. Bc8 h4 43. Kb3 Qf1 44. Bb6 Kf7 45. Be6+ Ke7 46. Qa2 1-0

[Event "X Festival A"]
[Site "Trieste ITA"]
[Date "2008.09.03"]
[Round "5"]
[White "Stantic, Severino"]
[Black "Sikanjic, Bojan"]
[Result "0-1"]
[WhiteElo "2024"]
[BlackElo "2177"]
[PlyCount "64"]
[EventDate "2008.08.31"]

1. c4 Nf6 2. Nc3 g6 3. g3 Bg7 4. Bg2 O-O 5. Nf3 c6 6. O-O d6 7. Qc2 e5 8. b4
Re8 9. Rb1 d5 10. d3 h6 11. Nd2 Be6 12. Bb2 Nh5 13. Na4 a5 14. a3 axb4 15. axb4
Bg4 16. Rfe1 dxc4 17. Nc5 b6 18. Nce4 Bxe2 19. Ra1 Bxd3 20. Qc1 Rxa1 21. Bxa1
f5 22. Nc3 b5 23. Nd1 Qd6 24. Bc3 Nd7 25. Qa3 Nb6 26. Qa7 Nd5 27. Bd4 Qe7 28.
Bxd5+ cxd5 29. Qxe7 Rxe7 30. Bc5 Rd7 31. Nc3 d4 32. Nxb5 c3 0-1

[Event "X Festival A"]
[Site "Trieste ITA"]
[Date "2008.09.03"]
[Round "5"]
[White "Vitri, Sergio"]
[Black "Heikkila, Antti"]
[Result "0-1"]
[WhiteElo "2132"]
[BlackElo "1993"]
[PlyCount "66"]
[EventDate "2008.08.31"]

1. d4 c5 2. d5 g6 3. c4 Bg7 4. Nc3 Nf6 5. Nf3 O-O 6. e4 d6 7. Be2 e6 8. O-O
exd5 9. cxd5 a6 10. a4 Nbd7 11. Bg5 h6 12. Bh4 Re8 13. Nd2 Rb8 14. Qc2 g5 15.
Bg3 Ne5 16. Bxe5 Rxe5 17. Nc4 Re8 18. a5 Qe7 19. Rfe1 Nh7 20. Bd3 Nf8 21. Na4
Ng6 22. Nab6 Bd4 23. Ne3 Ne5 24. Nxc8 Rbxc8 25. Nf5 Qf6 26. Rab1 c4 27. Bf1 Bc5
28. b4 Ba7 29. b5 axb5 30. Rxb5 Nd3 31. Re2 Nf4 32. Rxb7 Nxe2+ 33. Qxe2 Qxf5
0-1

[Event "X Festival A"]
[Site "Trieste ITA"]
[Date "2008.09.03"]
[Round "5"]
[White "Vrhovnik, Damir"]
[Black "Hartl, Daniel"]
[Result "0-1"]
[WhiteElo "1996"]
[BlackElo "2138"]
[PlyCount "122"]
[EventDate "2008.08.31"]

1. e4 e5 2. Nf3 Nc6 3. d4 exd4 4. c3 d5 5. exd5 Qxd5 6. cxd4 Nf6 7. Nc3 Bb4 8.
Be2 Be6 9. O-O Qd7 10. Be3 O-O 11. Qa4 Nd5 12. Nxd5 Bxd5 13. Rac1 Bd6 14. Qb5
a6 15. Qa4 Rad8 16. a3 Rfe8 17. Rfd1 h6 18. h3 Qe7 19. Re1 Qf6 20. Qd1 Ne7 21.
Nh2 Qg6 22. Bf3 Bxh2+ 23. Kxh2 Bxf3 24. Qxf3 Nd5 25. Bd2 c6 26. Bc3 Kf8 27. g3
Qd6 28. Kg2 Nxc3 29. Rxe8+ Rxe8 30. Qxc3 Qd5+ 31. Kg1 Re2 32. Qb4+ Kg8 33. Re1
Rxe1+ 34. Qxe1 Qxd4 35. Qe8+ Kh7 36. Qxf7 Qxb2 37. h4 Qb1+ 38. Kh2 c5 39. f4
Qe4 40. f5 Qe5 41. Qxb7 Qxf5 42. Qxa6 Qc2+ 43. Kh3 c4 44. a4 c3 45. a5 Qf5+ 46.
Kh2 Qd5 47. Qc8 Qxa5 48. Qc4 Qe5 49. Qd3+ Kg8 50. Qd8+ Kf7 51. Qd7+ Kg6 52.
Qd3+ Kf6 53. Qd8+ Kf5 54. Qd3+ Ke6 55. Qc4+ Kd6 56. Qb4+ Kd5 57. Qb3+ Ke4 58.
Qc2+ Kf3 59. Qg2+ Ke3 60. Qa2 Qd4 61. Qe6+ Kd2 0-1